|
|
|
|
| LEADER |
00993cam a2200253 7i4500 |
| 001 |
0000012397 |
| 005 |
20151104090000.0 |
| 005 |
##20151104113400.0 |
| 003 |
##MY-KlINT |
| 020 |
# |
# |
|a 9789678920520
|
| 039 |
# |
9 |
|y 201511041134
|z VLOAD
|
| 090 |
0 |
0 |
|a 340
|b MAL
|
| 110 |
0 |
# |
|a MalaysiaLaws, etc.
|
| 245 |
0 |
0 |
|a Undang-Undang pencen di Malaysia :
|b (hingga 10hb Disember 2009) /
|c disusun oleh Lembaga Penyelidikan Undang-undang.
|
| 260 |
# |
# |
|a Petaling Jaya:
|b International Law Book Services,
|c 2009.
|
| 300 |
# |
# |
|a 175 p..
|
| 650 |
# |
0 |
|a Civil service --
|x Pensions --
|z Malaysia
|
| 650 |
# |
0 |
|a Pensions --
|x Law and legislation --
|x Malaysia
|
| 740 |
0 |
# |
|a Akta Kumpulan Wang Persaraan 2007 (Akta 662)
|
| 740 |
0 |
# |
|a Akta Pencen Pihak-Pihak Berkuasa Berkanun dan Tempatan 1980 (Akta 239)
|
| 740 |
0 |
# |
|a Akta Penyelarasan Pencen 1980 (Akta 238)
|
| 740 |
0 |
# |
|a Akta Perhitungan Semula Pencen 1980 (Akta 228)
|
| 740 |
0 |
# |
|a Peraturan-Peraturan Pencen 1980
|
| 999 |
|
|
|a 0000065846
|b BOOK
|c Main Non-Fiction
|e INTAN BK
|